Derecho Internacional Humanitario en Colombia : convenios de Ginebra y protocolos adicionales (Registro nro. 481161)

Detalles MARC
001 - NÚMERO DE CONTROL
campo de control 1101874
005 - FECHA Y HORA DE LA ÚLTIMA TRANSACCIÓN
campo de control 20260507085408.0
008 - DATOS DE LONGITUD FIJA--INFORMACIÓN GENERAL
campo de control de longitud fija 080908s1998 spa
020 ## - NÚMERO INTERNACIONAL ESTÁNDAR DEL LIBRO
Número Internacional Estándar del Libro 9586017931
035 ## - NÚMERO DE CONTROL DEL SISTEMA
Número de control de sistema 1101874
035 ## - NÚMERO DE CONTROL DEL SISTEMA
Número de control de sistema (OCoLC)777271806
040 ## - FUENTE DE LA CATALOGACIÓN
Centro/agencia transcriptor comduadb
041 ## - CÓDIGO DE LENGUA
Código de lengua del texto/banda sonora o título independiente spa
080 ## - NÚMERO DE LA CLASIFICACIÓN DECIMAL UNIVERSAL
Número de la Clasificación Decimal Universal D
082 #4 - NÚMERO DE LA CLASIFICACIÓN DECIMAL DEWEY
Número de clasificación 341
100 10 - ENTRADA PRINCIPAL--NOMBRE DE PERSONA
Nombre de persona Villarraga Sarmiento, Álvaro
Código de función com
Término indicativo de función/relación Compilador
9 (RLIN) 509728
245 10 - MENCIÓN DE TÍTULO
Título Derecho Internacional Humanitario en Colombia : convenios de Ginebra y protocolos adicionales
260 ## - PUBLICACIÓN, DISTRIBUCIÓN, ETC.
Lugar de publicación, distribución, etc. Bogotá :
Nombre del editor, distribuidor, etc. Oficina del Alto Comisionado para la Paz,
Fecha de publicación, distribución, etc. 1998.
300 ## - DESCRIPCIÓN FÍSICA
Extensión 608 páginas
490 0# - MENCIÓN DE SERIE
Mención de serie Biblioteca de la Paz : Derecho Internacional Humanitario
500 ## - NOTA GENERAL
Nota general Biblioteca tiene el Vol. I.
650 #7 - PUNTO DE ACCESO ADICIONAL DE MATERIA--TÉRMINO DE MATERIA
Término de materia o nombre geográfico como elemento de entrada Derecho internacional humanitario
Subdivisión geográfica Colombia
Fuente del encabezamiento o término lemb
9 (RLIN) 174436
650 ## - PUNTO DE ACCESO ADICIONAL DE MATERIA--TÉRMINO DE MATERIA
Término de materia o nombre geográfico como elemento de entrada Derechos civiles (Derecho internacional)
9 (RLIN) 43080
650 ## - PUNTO DE ACCESO ADICIONAL DE MATERIA--TÉRMINO DE MATERIA
Término de materia o nombre geográfico como elemento de entrada Derechos humanos - Legislacion - Colombia
9 (RLIN) 43771
650 #7 - PUNTO DE ACCESO ADICIONAL DE MATERIA--TÉRMINO DE MATERIA
Término de materia o nombre geográfico como elemento de entrada Conflicto armado
Subdivisión geográfica Colombia
Fuente del encabezamiento o término lemb
9 (RLIN) 71414
650 ## - PUNTO DE ACCESO ADICIONAL DE MATERIA--TÉRMINO DE MATERIA
Término de materia o nombre geográfico como elemento de entrada Colombia - Tratados internacionales
9 (RLIN) 123045
650 #7 - PUNTO DE ACCESO ADICIONAL DE MATERIA--TÉRMINO DE MATERIA
Término de materia o nombre geográfico como elemento de entrada Derechos humanos
Subdivisión geográfica Colombia
Fuente del encabezamiento o término lemb
9 (RLIN) 187388
942 ## - ELEMENTOS DE ENTRADA AGREGADA (KOHA)
Tipo de ítem Koha Libros
Existencias
Estado de retiro Estado de pérdida Estado dañado No para préstamo Código de colección Localización permanente Ubicación/localización actual Fecha de adquisición Fuente de adquisición Número de inventario Total de préstamos Signatura topográfica completa Código de barras Fecha visto por última vez Número de copia Precio válido a partir de Tipo de ítem Koha
        Colección General Piso 2 Biblioteca Carlos Gaviria Díaz, Campus Medellín Biblioteca Carlos Gaviria Díaz, Campus Medellín 08/09/2008 Material adquirido por donación C1016186   341.481 V722 0678392 28/04/2023 1 28/04/2023 Libros
        Colección General CRAI María Teresa Uribe (FCSH, Bl. 9-305) CRAI María Teresa Uribe (FCSH, Bl. 9-305) 03/10/2016 Material adquirido por donación C1252279   D-11903 15987416 28/04/2023 2 28/04/2023 Libros